[Event "UK Armed Services Championship"]
[Site "Wittering"]
[Date "2024.04.08"]
[Round "7.35"]
[White "Arrowsuch, Samuel"]
[Black "Peacock, Christopher"]
[Result "1-0"]
[WhiteElo "1150"]
[BlackElo "1436"]
[PlyCount "54"]
[EventDate "2024.04.05"]
[EventType "swiss"]
[EventRounds "7"]
[EventCountry "ENG"]
[SourceTitle "BritBase"]
[Source "John Saunders"]
[SourceDate "2024.05.09"]
[SourceVersion "1"]
[SourceVersionDate "2024.04.06"]
[SourceQuality "1"]

1. e4 c6 2. d4 d5 3. e5 Bf5 4. Bd3 Bg6 5. Nf3 e6 6. Bf4 c5 7. O-O Qb6 8. Nc3
cxd4 9. Nxd4 Qxd4 10. Bb5+ Nc6 11. Qxd4 a6 12. Qa4 Rc8 13. Bxc6+ bxc6 14. Qxa6
Ne7 15. Bg5 Rc7 16. Bxe7 Bxe7 17. Qe2 O-O 18. f4 Rb7 19. b3 f6 20. Qa6 Rc7 21.
Qb6 Bd8 22. Na4 Rc8 23. Qa6 Be7 24. Qe2 Rb8 25. Rad1 Rb4 26. c3 Re4 27. Qa6 Re2
1-0

[Event "UK Armed Services Championship"]
[Site "Wittering"]
[Date "2024.04.08"]
[Round "7.36"]
[White "Margarson, Martyn"]
[Black "Lucas-Divers, Zamira"]
[Result "1-0"]
[WhiteElo "1200"]
[BlackElo "1363"]
[PlyCount "59"]
[EventDate "2024.04.05"]
[EventType "swiss"]
[EventRounds "7"]
[EventCountry "ENG"]
[SourceTitle "BritBase"]
[Source "John Saunders"]
[SourceDate "2024.05.09"]
[SourceVersion "1"]
[SourceVersionDate "2024.04.06"]
[SourceQuality "1"]

1. e4 e5 2. Nf3 Nc6 3. Bc4 Nf6 4. Ng5 Qe7 5. Bxf7+ Qxf7 6. Nxf7 Kxf7 7. Nc3 g6
8. Qf3 Nd4 9. Qd3 c6 10. O-O Bb4 11. Qc4+ Nd5 12. exd5 Nxc2 13. dxc6+ Kg7 14.
cxb7 Bxb7 15. b3 Rhc8 16. Qb5 Nxa1 17. Qxb4 Rcb8 18. Qa5 Nc2 19. Qxe5+ Kf7 20.
Nb5 a6 21. Nd6+ Kf8 22. Nxb7 Rxb7 23. Qc5+ Ke8 24. Qxc2 Kd8 25. Qc5 Rc8 26.
Qf8+ Kc7 27. Qf4+ Kd8 28. h4 Rc2 29. Qe4 Rb8 30. Qxc2 1-0

[Event "UK Armed Services Championship"]
[Site "Wittering"]
[Date "2024.04.08"]
[Round "7.37"]
[White "Reynolds, Ellis"]
[Black "Shrestha, Yubraj"]
[Result "1-0"]
[WhiteElo "1305"]
[BlackElo "1200"]
[PlyCount "136"]
[EventDate "2024.04.05"]
[EventType "swiss"]
[EventRounds "7"]
[EventCountry "ENG"]
[SourceTitle "BritBase"]
[Source "John Saunders"]
[SourceDate "2024.05.09"]
[SourceVersion "1"]
[SourceVersionDate "2024.04.06"]
[SourceQuality "1"]

1. e4 d5 2. exd5 Qxd5 3. Nc3 Qd8 4. d4 a6 5. g3 g6 6. Nf3 Bg7 7. Bg2 e6 8. O-O
Ne7 9. Be3 c6 10. Qd2 Nd7 11. Bh6 O-O 12. Rad1 Nf5 13. Bxg7 Nxg7 14. g4 f6 15.
Ne4 Rf7 16. Nd6 Rf8 17. Rfe1 Qe7 18. Ne4 b6 19. g5 Bb7 20. gxf6 Nxf6 21. Nxf6+
Rxf6 22. Ne5 Qd6 23. Ng4 Rf5 24. Re5 Rxe5 25. dxe5 Qxd2 26. Rxd2 Rb8 27. Rd7
Nf5 28. Nf6+ Kf8 29. Rxh7 Rd8 30. Nd7+ Kg8 31. Nf6+ Kf8 32. Rxb7 Rd1+ 33. Bf1
Nh4 34. Rd7 Re1 35. Rd6 Rxe5 36. Nd7+ Ke7 37. Nxe5 Kxd6 38. f4 g5 39. Nf7+ Ke7
40. Nxg5 Kf6 41. Bxa6 Kf5 42. Kf2 e5 43. fxe5 Kxg5 44. e6 Kf6 45. Bc4 b5 46.
Bb3 c5 47. a4 bxa4 48. Bxa4 Kxe6 49. Kg3 Nf5+ 50. Kf4 Ng7 51. Kg5 Ke5 52. h4
Ne6+ 53. Kg4 Kf6 54. c3 Kg6 55. b4 cxb4 56. cxb4 Kh6 57. b5 Nc5 58. b6 Kg6 59.
Bc2+ Kh6 60. Bd1 Kg6 61. Kf4 Kh6 62. Bg4 Kg6 63. Ke5 Kf7 64. Kd6 Nb7+ 65. Kc6
Nd8+ 66. Kc7 Ke7 67. h5 Ke8 68. h6 Ke7 1-0

[Event "UK Armed Services Championship"]
[Site "Wittering"]
[Date "2024.04.08"]
[Round "7.38"]
[White "Drummond, Iestyn"]
[Black "Graeme, Matthew"]
[Result "1-0"]
[WhiteElo "1300"]
[BlackElo "1165"]
[PlyCount "69"]
[EventDate "2024.04.05"]
[EventType "swiss"]
[EventRounds "7"]
[EventCountry "ENG"]
[SourceTitle "BritBase"]
[Source "John Saunders"]
[SourceDate "2024.05.09"]
[SourceVersion "1"]
[SourceVersionDate "2024.04.06"]
[SourceQuality "1"]

1. e4 d5 2. exd5 Nf6 3. Nc3 Nxd5 4. Nxd5 Qxd5 5. Nf3 Nc6 6. b3 e5 7. Bc4 Qd6 8.
Bb2 Bg4 9. h3 Be6 10. Qe2 f6 11. O-O Bxc4 12. Qxc4 O-O-O 13. a4 Kb8 14. Ba3 Qd5
15. Qxd5 Rxd5 16. Bxf8 Rxf8 17. c4 Rd3 18. Rfb1 Nd4 19. Nxd4 exd4 20. Re1 Rxd2
21. Re7 b6 22. Rxg7 Kb7 23. Re7 Ka6 24. Rxc7 Ka5 25. Rxa7+ Kb4 26. Rb7 Kxb3 27.
Rxb6+ Kxc4 28. Rc6+ Kd3 29. Ra3+ Ke2 30. Re6+ Kd1 31. Rd6 Kc2 32. Rd7 d3 33.
Rc7+ Kd1 34. Ra1+ Ke2 35. Re7# 1-0

[Event "UK Armed Services Championship"]
[Site "Wittering"]
[Date "2024.04.08"]
[Round "7.41"]
[White "Martin-Logue, Steve"]
[Black "Symonds, Joshua"]
[Result "0-1"]
[WhiteElo "1159"]
[BlackElo "1200"]
[PlyCount "62"]
[EventDate "2024.04.05"]
[EventType "swiss"]
[EventRounds "7"]
[EventCountry "ENG"]
[SourceTitle "BritBase"]
[Source "John Saunders"]
[SourceDate "2024.05.09"]
[SourceVersion "1"]
[SourceVersionDate "2024.04.06"]
[SourceQuality "1"]

1. e4 e5 2. Nf3 Nc6 3. Nc3 Nf6 4. Bc4 h6 5. d4 Bd6 6. O-O O-O 7. Nb5 Qe7 8. b3
a6 9. Nxd6 Qxd6 10. Re1 b5 11. Bxf7+ Kxf7 12. Ng5+ hxg5 13. Bxg5 Bb7 14. Qf3
Nxd4 15. Qg3 Nxc2 16. Rad1 Nxe1 17. Rxd6 cxd6 18. Qc3 Nxe4 19. Qxe1 Nxg5 20. h4
Ne6 21. Qe2 Nf4 22. Qf3 Bxf3 23. gxf3 Rac8 24. Kh2 Rc2 25. Kg3 Ke6 26. Kg4 Rxf2
27. h5 Rg2+ 28. Kh4 Rxa2 29. Kg5 Rf5+ 30. Kg4 Rg2+ 31. Kh4 Rxh5# 0-1

[Event "UK Armed Services Championship"]
[Site "Wittering"]
[Date "2024.04.08"]
[Round "7.42"]
[White "Hutton, Michael"]
[Black "Sanni-Woollams, Ryan"]
[Result "1-0"]
[WhiteElo "600"]
[BlackElo "1160"]
[Annotator "kjt23"]
[PlyCount "63"]
[EventDate "2024.04.05"]
[EventType "swiss"]
[EventRounds "7"]
[EventCountry "ENG"]
[SourceTitle "BritBase"]
[Source "John Saunders"]
[SourceDate "2024.05.09"]
[SourceVersion "1"]
[SourceVersionDate "2024.04.06"]
[SourceQuality "1"]

1. d4 d5 2. Nc3 e6 3. Bf4 Bd6 4. Qd2 Nf6 5. f3 O-O 6. e3 Na6 7. a3 c5 8. O-O-O
c4 9. g4 Qb6 10. Bxd6 Qxd6 11. Nge2 Bd7 12. Bg2 Rab8 13. e4 b5 14. e5 Qb6 15.
exf6 gxf6 16. b4 Nc7 17. h4 a5 18. g5 f5 19. h5 Be8 20. Rdg1 axb4 21. axb4 Ra8
22. Qf4 Ra1+ 23. Kd2 Ra6 24. h6 f6 25. gxf6 Rxf6 26. Bf1+ Bg6 27. Qe5 Ne8 28.
Nf4 Qd6 29. Nxg6 hxg6 30. h7+ Kh8 31. Rxg6 $1 Qxe5 32. Rg8# 1-0